000 00275nam a2200133Ia 4500
100 _aDeshpande/ V.M.
942 _cRB
654 _aFluid
245 _aFluid Mechanics (SI Units)
260 _bEverest Pub
_c1991
082 _a532.DES
300 _a1104
546 _aENGLISH
999 _c30457
_d30457